000 01379nam a2200301 a 4500
001 000024733
005 20250612104112.0
008 110203s2000 mx ad r 001 0 spa d
020 _a9681300890
040 _aDO-SdBNP
_bspa
_cBNPHU
082 _a158 /131.32
_bS586m
100 1 _aSilva, José
_950742
245 1 3 _aEl método Silva de control mental /
_cJosé Silva , Philip Miele ; traducción Emilio E. Guzmán.
250 _a11a ed.
260 _aMéxico, D. F. :
_bDiana,
_c2000.
300 _a224 p. :
_bil., diagrs. ;
_c21 cm.
500 _aIncluye índice alfabético.
504 _aIncluye referencias bibliográficas p. [215-218].
534 _pTítulo original:
_tThe Silva mind control method. The revolutionary program that´s changed the lives of over half a million people.
_cNew York : simond and Schuster, 1977
650 4 _aAutocontrol
_9853
650 0 _aMente y cuerpo
_92740
650 4 _aMétodo silva
_950743
650 0 _aPsicología
_9152
700 1 _aMiele, Philip,
_950744
700 1 _aGuzmán, Emilio E.,
_etr.
_950745
856 4 2 _gURL
_dhttp://dsclick.infospace.com/ClickHandler.ashx?ru=http%3a%2f%2fak.buy.com%2fPI%2f0%2f500%2f30448856.jpg&coi=372380&cop=main-title&c=facemoods.11.err&ap=3&npp=3&p=0&pp=0&pvaid=25d14b2c9e2d42e483d8e54f1e865cdc&ep=3&euip=200.26.174.18&app=1&hash=E1BFE298D3D8966A382E2A32C5CA5CD0
_yImagen
049 _aBNGR
999 _c24226
_d24226